| 000 | 00000nam 2200000zi 4500 |
| 001 | 9.578607 |
| 003 | CaOODSP |
| 005 | 20250414145032 |
| 006 | m o d f |
| 007 | cr mn||||||||| |
| 008 | 150406e198812##nkcb ob f000 0 eng d |
| 040 | |aCaOODSP|beng|erda|cCaOODSP |
| 041 | |aeng|beng|bfre |
| 043 | |an-cn-ns|an-cn-nk|aln----- |
| 045 | |ax7x8 |
| 086 | 1 |aFs97-6/1653E-PDF|zFs97-6/1653E |
| 100 | 1 |aScott, J. S., |eauthor. |
| 245 | 10|aSeasonal spatial distributions of groundfishes of the Scotian Shelf and Bay of Fundy, 1974-79 and 1980-84 / |cJ.S. Scott. |
| 264 | 1|aSt. Andrews, New Brunswick : |bMarine Fish Division, Department of Fisheries and Oceans, Biological Station, |cDecember 1988. |
| 264 | 4|c©1988 |
| 300 | |a1 online resource (iii, 8 pages, 66 unnumbered pages) : |bcolour maps. |
| 336 | |atext|btxt|2rdacontent |
| 337 | |acomputer|bc|2rdamedia |
| 338 | |aonline resource|bcr|2rdacarrier |
| 490 | 1 |aCanadian technical report of fisheries and aquatic sciences, |x0706-6457 ; |v1653 |
| 500 | |a"This is the one hundred and ninety-eighth Technical Report of the Biological Station, St. Andrews, N.B." |
| 500 | |aDigitized edition from print [produced by Department of Fisheries and Oceans]. |
| 504 | |aIncludes bibliographical references (pages 7-8). |
| 520 | 3 |a"Geographic distributions of common groundfish species of the Scotian Shelf and Bay of Fundy are presented for the aggregated 5-yr summer periods 1975-79 and 1980-84, and for spring and autumn 1980-84. Distributions are compared and related to both mid-term and seasonal fish movements. Comparison of 1975-79 and 1980-84 summer distributions show little geographical change but more dense concentrations of major species in the latter period. Seasonal comparisons show withdrawal of most species from the Bay of Fundy and shallow waters of the Scotian Shelf by spring, presumably representing the winter/early spring distributions in warmer water. Autumn distributions were similar to those of summer except for certain species such as silver hake, pollock and spiny dogfish where late season movements were related to spawning activity in silver hake and, presumably, to withdrawal to overwintering areas for the others"--Abstract, page iii. |
| 546 | |aIncludes abstracts in English and French. |
| 650 | 0|aGroundfishes|zScotian Shelf|xGeographical distribution. |
| 650 | 0|aGroundfishes|zFundy, Bay of|xGeographical distribution. |
| 650 | 0|aGroundfishes|xSeasonal distribution|zScotian Shelf. |
| 650 | 0|aGroundfishes|xSeasonal distribution|zFundy, Bay of. |
| 650 | 0|aFish surveys|zScotian Shelf. |
| 650 | 0|aFish surveys|zFundy, Bay of. |
| 650 | 6|aPoissons de fond|zNéo-écossaise, Plateforme|xDistribution géographique. |
| 650 | 6|aPoissons de fond|zFundy, Baie de|xDistribution géographique. |
| 650 | 6|aPoissons de fond|xDistribution saisonnière|zNéo-écossaise, Plateforme. |
| 650 | 6|aPoissons de fond|xDistribution saisonnière|zFundy, Baie de. |
| 650 | 6|aInventaires ichtyologiques|zNéo-écossaise, Plateforme. |
| 650 | 6|aInventaires ichtyologiques|zFundy, Baie de. |
| 710 | 1 |aCanada. |bDepartment of Fisheries and Oceans, |eissuing body. |
| 710 | 1 |aCanada. |bDepartment of Fisheries and Oceans. |bBiological Station (St. Andrews, N.B.), |eissuing body |
| 830 | #0|aCanadian technical report of fisheries and aquatic sciences ;|v1653.|w(CaOODSP)9.504449 |
| 856 | 40|qPDF|s32.10 MB|uhttps://publications.gc.ca/collections/collection_2014/mpo-dfo/Fs97-6-1653-eng.pdf |